[Event "Winter Server Series, S91011"]
[Site "CCLA"]
[Date "2019.02.23"]
[Round "?"]
[White "Jimenez, Jose"]
[Black "Williams, Rufus H."]
[Result "1-0"]
[WhiteElo "1199"]
[BlackElo "1263"]

1. e4 c5 2. Nf3 Nc6 3. Bc4 e6 4. O-O Nf6 5. d3 Be7 6. Bf4 d5 7. Bb5 O-O 8.
 e5 a6 9. Bxc6 bxc6 10. exf6 Bxf6 11. Nc3 a5 12. Na4 Ba6 13. Nxc5 Bc8 14. 
c3 Be7 15. d4 Ra7 16. Ne5 Qb6 17. Qc2 Bxc5 18. dxc5 Qxc5 19. Be3 Qd6 20. 
f4 Ra8 21. Qa4 Bb7 22. Rad1 f6 23. Nf3 Rfd8 24. c4 Qc7 25. c5 h6 26. Nd4 
Re8 27. f5 exf5 28. Bf4 Qc8 29. Rf3 Kf7 30. Qc2 g6 31. Bxh6 Rh8 32. Bc1 
Qc7 33. Rh3 Rxh3 34. gxh3 Rh8 35. Qe2 Bc8 36. Qf3 Qb8 37. Bf4 Qb7 38. b3 
Bd7 39. Bd6 Qa6 40. Re1 Re8 41. Re3 Qc8 42. h4 Qd8 43. h5 Rxe3 44. hxg6+ 
Kxg6 45. Qxe3 Qe8 46. Qg3+ Kf7 47. Bf4 Qg8 48. Qxg8+ Kxg8 49. a3 Kg7 50. 
Bc7 a4 51. bxa4 Kg6 52. a5 Bc8 53. Nxc6 Kg5 54. Kg2 Bb7 55. Nd4 Ba6 56. 
Ne6+ Kg4 57. h3+ Kh5 58. Bd8 Kg6 59. Nf4+ Kg5 60. Nxd5 Bb7 61. Kg3 Bxd5 
62. h4+ Kg6 63. a6 Bc6 64. a7 Bd5 65. Kf4 Be4 66. h5+ Kxh5 67. Bxf6 Kg6 
68. Ke5 Kf7 69. Bh4 Ke8 70. Kd6 Kf7 71. c6 f4 72. a8=Q 1-0

[Event "Winter Server Series, S91011"]
[Site "CCLA"]
[Date "2019.02.23"]
[Round "?"]
[White "Williams, Rufus H."]
[Black "Graupera, Carlos"]
[Result "0-1"]
[WhiteElo "1263"]
[BlackElo "1439"]

1. e4 d5 2. e5 e6 3. Nf3 c5 4. c3 Nc6 5. d4 Qb6 6. Be2 Nge7 7. Qc2 Nf5 8. 
O-O Be7 9. Re1 Bd7 10. Rd1 O-O 11. b3 cxd4 12. cxd4 Nb4 13. Qd2 Rac8 14. 
Nc3 Nh4 15. Bb2 Nxf3+ 16. Bxf3 f6 17. Re1 fxe5 18. Rxe5 Bf6 19. Ree1 Bxd4 
20. Rf1 e5 21. h3 e4 22. Na4 Qg6 23. Qxd4 exf3 24. g3 Nc2 25. Qxd5+ Be6 
26. Qxb7 Nxa1 27. Bxa1 Bxh3 28. Re1 Qh6 29. Bb2 Bg2 30. Qxg7+ Qxg7 31. 
Bxg7 Kxg7 32. b4 Rc6 33. Nc5 Rff6 34. a3 Rh6 35. Re7+ Kf8 0-1

[Event "Winter Server Series, S91011"]
[Site "CCLA"]
[Date "2019.02.23"]
[Round "?"]
[White "Williams, Rufus H."]
[Black "Lines, Daniel"]
[Result "1/2-1/2"]
[WhiteElo "1263"]
[BlackElo "1236"]

1. e4 e5 2. Nf3 Nc6 3. Bb5 a6 4. Ba4 b5 5. Bb3 Nf6 6. O-O Nxe4 7. c3 Nf6 
8. d3 d5 9. h3 h6 10. Re1 Bd6 11. a3 Bf5 12. d4 e4 13. Nh2 Bxh2+ 14. Kxh2 
O-O 15. Bf4 Na5 16. Bc2 c6 17. Nd2 Re8 18. Be5 Nd7 19. Bg3 Nc4 20. Nxc4 
bxc4 21. Qh5 Bh7 22. Bf4 Qf6 23. Qg4 Qf5 24. Ba4 Qxg4 25. hxg4 Rac8 26. 
Rab1 e3 27. Bxe3 Bxb1 28. Rxb1 Nb6 29. Bc2 Rb8 30. Kg1 Nd7 31. Ba4 Rbc8 
32. Rd1 f6 33. Kf1 g5 34. Bc2 Rb8 35. Rb1 Kg7 36. Bf5 Re7 37. Kg1 Rb3 
1/2-1/2

[Event "Winter Server Series, S91011"]
[Site "CCLA"]
[Date "2019.02.23"]
[Round "?"]
[White "Williams, Rufus H."]
[Black "Jimenez, Jose"]
[Result "1-0"]
[WhiteElo "1263"]
[BlackElo "1199"]

1. e4 e5 2. Nf3 Bd6 3. Bb5 Nf6 4. O-O c6 5. Ba4 b5 6. Bb3 O-O 7. c3 Nxe4 
8. d4 c5 9. d5 c4 10. Bc2 f5 11. Nbd2 Bb7 12. Nxe4 fxe4 13. Bxe4 Na6 14. 
Bg5 Qa5 15. a3 Nc5 16. Bc2 e4 17. Nh4 Bb8 18. Qg4 Qc7 19. Qh3 Bxd5 20. 
Rad1 Be6 21. g4 Bxg4 22. Qg2 Qe5 23. Rde1 Rf3 24. Re3 Ne6 25. Bxe4 Qxg5 
26. Bxf3 Nf4 27. Qxg4 h5 28. Re8+ Kh7 29. Be4+ g6 30. Bxg6+ Kg7 31. Qxg5 
Nh3+ 32. Kh1 Nxg5 33. Rg1 Nh3 34. Rge1 Nxf2+ 35. Kg2 Ng4 36. R1e7+ Kf6 37.
 Rf7+ Kg5 38. Kh3 Nf6 39. Ref8 Ng4 40. Rf5+ Kh6 41. Rxh5+ Kg7 42. Rhf5 
Nxh2 43. Bh5 a5 44. Be2 d5 45. R5f7+ Kh6 46. Rh8+ Kg5 47. Rh5# 1-0

[Event "Winter Server Series, S91012"]
[Site "CCLA"]
[Date "2019.02.23"]
[Round "?"]
[White "Buganza, Nathan J."]
[Black "Lyons, Brenda M."]
[WhiteElo "1320"]
[BlackElo "1304"]
[Result "1-0"]

1. e4 e5 2. f4 d6 3. d4 exf4 4. Nf3 g5 5. h4 g4 6. Ng5 h6 7. Nxf7 Kxf7 8. 
Bc4+ d5 9. Bxd5+ Ke8 10. Rh3 gxh3 11. Qh5+ Ke7 12. Qe5+ Be6 13. Qxe6# 1-0

[Event "Winter Server Series, S91012"]
[Site "CCLA"]
[Date "2019.02.23"]
[Round "?"]
[White "Buganza, Nathan J."]
[Black "Benson, Katie J."]
[WhiteElo "1320"]
[BlackElo "1139"]
[Result "1-0"]

1. e4 e5 2. Nc3 Nf6 3. Bc4 Nxe4 4. Qh5 Nd6 5. Bb3 Nc6 6. Nb5 g6 7. Qf3 Nf5
8. Qd5 Nh6 9. d3 a6 10. Bxh6 Qe7 11. Bxf8 Qxf8 12. Nxc7+ Ke7 13. Nxa8 f6 
14. Qc5+ Ke8 15. Qxf8+ Kxf8 16. Nc7 d6 17. Nd5 1-0

[Event "Winter Server Series, S91012"]
[Site "CCLA"]
[Date "2019.02.23"]
[Round "?"]
[White "Buganza, Nathan J."]
[Black "Shaffer, Aaron"]
[WhiteElo "1320"]
[BlackElo "1073"]
[Result "1-0"]

1. e4 e5 2. Nc3 Nf6 3. Bc4 Nxe4 4. Qh5 Nd6 5. Bb3 Nc6 6. Nb5 g6 7. Qf3 Nf5
8. Qd5 Nh6 9. d3 a6 10. Bxh6 Qe7 11. Bxf8 Rxf8 12. Nxc7+ 1-0

[Event "Winter Server Series, S91012"]
[Site "CCLA"]
[Date "2019.02.23"]
[Round "?"]
[White "Lyons, Brenda M."]
[Black "Buganza, Nathan J."]
[WhiteElo "1304"]
[BlackElo "1320"]
[Result "0-1"]

1. d4 d5 2. c4 e6 3. Nc3 Be7 4. Nf3 Nf6 5. Bg5 h6 6. Bh4 O-O 7. e3 b6 8. 
Be2 dxc4 9. Bxc4 Bb7 10. O-O Ne4 11. Bxe7 Qxe7 12. Nxe4 Bxe4 13. Rc1 Rd8 
14. Bd3 Bxd3 15. Qxd3 c5 16. Ne5 Qb7 17. b4 cxd4 18. exd4 Nd7 19. Nc6 Re8 
20. f4 Nf6 21. f5 Qd7 22. fxe6 Rxe6 23. b5 Rae8 24. Qf5 Qd6 25. Qf2 Ng4 
26. Qg3 Qxg3 27. hxg3 Re3 28. Rf3 Re1+ 29. Rxe1 Rxe1+ 30. Rf1 Re2 31. Nxa7
Rxa2 32. Nc8 Rb2 33. Nxb6 Rxb5 34. Rf4 Rxb6 35. Rxg4 Rb4 36. Kf2 f5 37. 
Rf4 g6 38. Kf3 Kf7 39. g4 Kf6 40. gxf5 gxf5 41. Rh4 Kg5 42. Rf4 h5 43. Kg3
Rb3+ 44. Rf3 Rxf3+ 45. Kxf3 Kf6 46. g4 hxg4+ 47. Kf4 Ke6 48. Kg3 Kd5 49. 
Kf4 Kxd4 50. Kxf5 g3 51. Kf4 g2 52. Kf5 g1=Q 0-1

[Event "Winter Server Series, S91012"]
[Site "CCLA"]
[Date "2019.02.23"]
[Round "?"]
[White "Lyons, Brenda M."]
[Black "Benson, Katie J."]
[WhiteElo "1304"]
[BlackElo "1139"]
[Result "1/2-1/2"]

1. d4 d5 2. c4 e6 3. Nc3 Nf6 4. Bg5 Be7 5. Nf3 O-O 6. e3 Nbd7 7. cxd5 exd5
8. Bd3 Re8 9. Qc2 Nf8 10. O-O c6 11. Rab1 Ne4 12. Bxe7 Qxe7 13. b4 Ng6 14.
 b5 Bg4 15. Bxe4 dxe4 16. Nd2 f5 17. bxc6 bxc6 18. Na4 Nh4 19. Kh1 Qg5 20.
 Rg1 Qh6 21. Nc5 Re7 22. a4 Rae8 23. a5 f4 24. Ncxe4 Rxe4 25. Nxe4 Nf3 26.
 gxf3 Bxf3+ 27. Rg2 Bxg2+ 28. Kxg2 fxe3 29. fxe3 Qg6+ 30. Kf3 Rf8+ 31. Ke2
1/2-1/2

[Event "Winter Server Series, S91012"]
[Site "CCLA"]
[Date "2019.02.23"]
[Round "?"]
[White "Lyons, Brenda M."]
[Black "Shaffer, Aaron"]
[WhiteElo "1304"]
[BlackElo "1073"]
[Result "1-0"]

1. d4 Nf6 2. c4 g6 3. Nc3 Bg7 4. e4 d6 5. Nf3 O-O 6. Be2 e5 7. d5 a5 8. 
Bg5 h6 9. Bh4 Qe8 10. Nd2 Na6 11. O-O Nh7 12. a3 h5 13. f3 Bd7 14. Rb1 a4 
15. Nb5 Bh6 16. Bf2 b6 17. b4 Bxb5 18. cxb5 1-0

[Event "Winter Server Series, S91012"]
[Site "CCLA"]
[Date "2019.02.23"]
[Round "?"]
[White "Benson, Katie J."]
[Black "Buganza, Nathan J."]
[WhiteElo "1139"]
[BlackElo "1320"]
[Result "0-1"]

1. d4 d6 2. c4 e5 3. d5 Bf5 4. g3 Nf6 5. Bg2 Be7 6. Nf3 O-O 7. O-O Ne4 8. 
Qc2 Nd7 9. Nfd2 Nxd2 10. Bxd2 Qe8 11. Nc3 a6 12. a3 f6 13. b3 Bxc2 14. Be4
Bxe4 0-1

[Event "Winter Server Series, S91012"]
[Site "CCLA"]
[Date "2019.02.23"]
[Round "?"]
[White "Benson, Katie J."]
[Black "Lyons, Brenda M."]
[WhiteElo "1139"]
[BlackElo "1304"]
[Result "1/2-1/2"]

1. d4 c5 2. d5 e6 3. e4 exd5 4. exd5 d6 5. Nf3 Nf6 6. c4 Be7 7. Bd3 Bg4 8.
 h3 Bh5 9. Nc3 a6 10. O-O O-O 11. Be2 Nbd7 12. a3 h6 13. Bf4 1/2-1/2

[Event "Winter Server Series, S91012"]
[Site "CCLA"]
[Date "2019.02.23"]
[Round "?"]
[White "Benson, Katie J."]
[Black "Shaffer, Aaron"]
[WhiteElo "1139"]
[BlackElo "1073"]
[Result "0-1"]

1. d4 d5 2. c4 e6 3. Nc3 Be7 4. Nf3 Nf6 5. Bg5 h6 6. Bh4 O-O 7. e3 b6 8. 
Be2 dxc4 9. Bxc4 Bb7 10. O-O Ne4 11. Bxe7 Qxe7 12. Nxe4 Bxe4 13. Rc1 Rd8 
14. Bd3 Bxd3 15. Qxd3 c5 16. Ne5 Qb7 17. b4 cxd4 18. exd4 Nd7 19. Nc6 Re8 
20. f4 Nf6 21. f5 Qd7 22. fxe6 Rxe6 23. b5 Rae8 24. Qf5 Qd6 25. Rcd1 Re2 
26. Qh3 R8e6 27. Qg3 Qxg3 28. hxg3 Rxa2 29. d5 Rd6 30. Ra1 Rxa1 31. Rxa1 
Rd7 32. Rxa7 Rxa7 33. Nxa7 Nxd5 34. Nc8 Nc7 35. Nxb6 Nxb5 0-1

[Event "Winter Server Series, S91012"]
[Site "CCLA"]
[Date "2019.02.23"]
[Round "?"]
[White "Shaffer, Aaron"]
[Black "Buganza, Nathan J."]
[WhiteElo "1073"]
[BlackElo "1320"]
[Result "0-1"]

1. d4 Nf6 2. Nf3 g6 3. Bf4 Bg7 4. e3 O-O 5. Be2 d6 6. Nbd2 Nbd7 7. h3 Qe8 
8. Bh2 b6 9. O-O Bb7 10. c3 e6 11. Re1 Qe7 12. a4 a6 13. Qc2 e5 14. Nc4 e4
15. Ncd2 Rae8 16. b4 b5 17. Qb3 exf3 18. Bxf3 Bxf3 0-1

[Event "Winter Server Series, S91012"]
[Site "CCLA"]
[Date "2019.02.23"]
[Round "?"]
[White "Shaffer, Aaron"]
[Black "Lyons, Brenda M."]
[WhiteElo "1073"]
[BlackElo "1304"]
[Result "1-0"]

1. d4 Nf6 2. c4 c5 3. d5 b5 4. cxb5 a6 5. Nc3 axb5 6. e4 b4 7. Nb5 d6 8. 
Bf4 g5 9. Bxg5 Nxe4 10. Bf4 Bg7 11. Qe2 Nf6 12. Nxd6+ Kf8 13. Nxc8 Qxc8 
14. Qf3 Nbd7 15. Bb5 Ra5 16. Bc6 h5 17. Qe2 Nb6 18. Rd1 Rxa2 19. Nf3 Qf5 
20. d6 e6 21. Qb5 Qxf4 22. Qxb6 Bh6 23. Qxc5 Kg7 24. g3 Qf5 25. Qxf5 exf5 
26. b3 Ra6 27. Ba4 Ne4 28. d7 Rd8 29. Nd4 Nc3 30. Nc6 Nxd1 31. Nxd8 Nc3 
32. Nxf7 Ra8 33. d8=Q 1-0

[Event "Winter Server Series, S91012"]
[Site "CCLA"]
[Date "2019.02.23"]
[Round "?"]
[White "Shaffer, Aaron"]
[Black "Benson, Katie J."]
[WhiteElo "1073"]
[BlackElo "1139"]
[Result "1/2-1/2"]

1. d4 Nf6 2. Nf3 g6 3. Bf4 Bg7 4. e3 O-O 5. Be2 d6 6. Nbd2 Nbd7 7. h3 Qe8 
8. Bh2 b6 9. O-O Bb7 10. c3 e6 11. Re1 Qe7 12. a4 1/2-1/2

[Event "Spring Server Series, S91013"]
[Site "CCLA"]
[Date "2019.05.22"]
[Round "?"]
[White "Buss, Michael D."]
[Black "Ziemak, Ken"]
[Result "1-0"]
[WhiteElo "2489"]
[BlackElo "2254"]

1. Nf3 c5 2. e4 g6 3. c4 Bg7 4. d4 cxd4 5. Nxd4 Nc6 6. Be3 Nf6 7. Nc3 Ng4 
8. Qxg4 Nxd4 9. Qd1 Ne6 10. Rc1 Qa5 11. Bd3 O-O 12. O-O d6 13. f4 Nc5 14. 
f5 Bd7 15. b4 Qxb4 16. Nd5 Qa3 17. Nxe7+ Kh8 18. f6 Bxf6 19. Rxf6 Nxd3 20.
 Bd4 Ne5 21. Rc3 Qb4 22. c5 Bg4 23. Qd2 Rae8 24. cxd6 1-0

[Event "Spring Server Series, S91013"]
[Site "CCLA"]
[Date "2019.05.22"]
[Round "?"]
[White "Buss, Michael D."]
[Black "Caliguire, John J."]
[Result "1-0"]
[WhiteElo "2489"]
[BlackElo "2279"]

1. Nf3 e6 2. c4 d5 3. g3 dxc4 4. Qa4+ Nd7 5. Bg2 a6 6. Nc3 Nf6 7. O-O Be7 
8. Qxc4 b5 9. Qb3 Bb7 10. a4 c6 11. d4 b4 12. Ne5 Qc8 13. Ne4 Nxe4 14. 
Bxe4 Nxe5 15. dxe5 c5 16. Qf3 Bxe4 17. Qxe4 O-O 18. Be3 Qc7 19. Rac1 Rac8 
20. b3 Rfd8 21. f4 Rd5 22. Rc4 Qc6 23. Rfc1 a5 24. Kg2 g6 25. g4 g5 26. 
Rf1 h6 27. Qf3 Rd7 28. f5 Qd5 29. f6 Bd8 30. Re4 Bc7 31. h4 Bxe5 32. hxg5 
hxg5 33. Bxg5 Bb2 34. Qf4 c4 35. Bh4 Qd2 36. Re3 Qc2 37. Re4 Qd2 38. Re3 
Qc2 39. Rh3 Rd4 40. Qg5+ Qg6 41. Qxg6+ fxg6 42. f7+ Kf8 43. Bf6 Rxg4+ 44. 
Kf3 Bxf6 45. Kxg4 1-0

[Event "Spring Server Series, S91013"]
[Site "CCLA"]
[Date "2019.05.22"]
[Round "?"]
[White "Buss, Michael D."]
[Black "Jarmuz, Frederick"]
[Result "1/2-1/2"]
[WhiteElo "2489"]
[BlackElo "2245"]

1. Nf3 Nf6 2. b4 e6 3. a3 d5 4. e3 Be7 5. Bb2 O-O 6. c4 b6 7. cxd5 Nxd5 8.
 Be2 Nd7 9. O-O Bb7 10. Nc3 c5 11. Nxd5 Bxd5 12. bxc5 Nxc5 13. d4 Ne4 14. 
Ne5 f6 15. Nd3 f5 16. Ne5 Bd6 17. f3 Nf6 18. Qd3 a6 19. a4 b5 20. Qd2 b4 
21. a5 Bb7 22. Nc4 Rc8 23. Nxd6 Qxd6 24. Rfc1 Nd5 25. Bc4 Rf6 26. Bf1 Rff8
27. Qe1 h6 28. Kh1 Qe7 29. h3 Qg5 30. e4 fxe4 31. Qxe4 Qe3 32. Bd3 Qxe4 
33. Bxe4 Kf7 34. Kg1 g5 35. Kf2 Ke7 36. Rc5 Kd7 37. Rac1 Rb8 38. Bd3 Nf4 
39. Bf1 Nd5 40. Bc4 Rfc8 41. Bd3 Rc6 42. Be4 Rcc8 43. Bd3 Rc6 44. Ke1 Nf4 
45. Bf1 Rbc8 46. Kd1 Nd5 47. Kd2 Nf4 48. R1c4 Nd5 49. Be2 Rb8 50. Bd3 Ba8 
51. Rc1 Nf4 52. Bf1 Nd5 53. Bc4 Nf4 54. Bf1 Nd5 55. Ra1 Rbc8 56. Rxc6 Rxc6
57. Re1 Nf4 58. Rc1 Rd6 59. Rc5 Nd5 60. Bc1 Nc3 61. Rc4 Nd5 62. Bd3 Bc6 
63. Be4 Bb5 64. Bxd5 Rxd5 65. Rxb4 Bf1 66. Rb7+ Kc6 67. Rb6+ Kd7 68. Ke1 
1/2-1/2

[Event "Spring Server Series, S91013"]
[Site "CCLA"]
[Date "2019.05.22"]
[Round "?"]
[White "Buss, Michael D."]
[Black "Sereni, Vincent T."]
[Result "1-0"]
[WhiteElo "2489"]
[BlackElo "2073"]

1. Nf3 Nf6 2. b4 e5 3. Nxe5 Bxb4 4. e3 d5 5. c4 O-O 6. Bb2 Nc6 7. Nf3 Be6 
8. cxd5 Bxd5 9. Be2 Qd6 10. Nc3 Bxf3 11. gxf3 Rad8 12. a3 Ba5 13. Qc2 Rfe8
14. O-O-O Qe6 15. Na4 Bb6 16. Bc4 Qd6 17. Rhg1 Ne5 18. Be2 Ng6 19. Kb1 a6 
20. h4 Nxh4 21. f4 Ng6 22. f5 Nf4 23. Bc4 N4h5 24. d3 Rd7 25. Nxb6 cxb6 
26. e4 b5 27. Bb3 Qf4 28. Rde1 Kh8 29. e5 Ng8 30. f6 gxf6 31. exf6 Rxe1+ 
32. Rxe1 Rc7 33. Qe2 Nhxf6 34. Qe8 Qxf2 35. Bxf6+ Qxf6 36. Rg1 Rc1+ 37. 
Rxc1 Qe7 38. Qc8 Qg5 39. Bxf7 h6 40. Qe8 1-0

[Event "Spring Server Series, S91013"]
[Site "CCLA"]
[Date "2019.05.22"]
[Round "?"]
[White "Ziemak, Ken"]
[Black "Buss, Michael D."]
[Result "0-1"]
[WhiteElo "2254"]
[BlackElo "2489"]

1. b4 d5 2. Bb2 Bg4 3. Qc1 Nf6 4. e3 Nbd7 5. c4 e5 6. b5 d4 7. exd4 Bb4 8.
 h3 Bh5 9. a3 Ba5 10. Be2 exd4 11. Bxh5 Nxh5 12. Bxd4 Nf4 13. Qc2 Nf8 14. 
Qe4+ N8e6 15. Nf3 O-O 16. Kf1 f5 17. Qe3 Re8 18. Nc3 Qd7 19. Kg1 c6 20. 
Kh2 Ng6 21. Be5 f4 22. bxc6 bxc6 23. Qe2 Nd8 0-1

[Event "Spring Server Series, S91013"]
[Site "CCLA"]
[Date "2019.05.22"]
[Round "?"]
[White "Ziemak, Ken"]
[Black "Caliguire, John J."]
[Result "0-1"]
[WhiteElo "2254"]
[BlackElo "2279"]

1. c4 e6 2. g3 d5 3. Bg2 dxc4 4. Na3 Bxa3 5. bxa3 c6 6. Nf3 Nf6 7. Qc2 b5 
8. a4 Bb7 9. Ba3 a6 10. O-O Nbd7 11. Ne1 Qb6 12. d3 c5 13. dxc4 b4 14. Bb2
a5 15. Rd1 O-O 16. e4 Qc7 17. Qe2 Ne8 18. Nc2 Nb6 19. Ne3 Nxa4 20. Ba1 Rd8
21. Be5 Qe7 22. Rxd8 Qxd8 23. Rd1 Qc8 24. Ba1 Nb6 25. Qg4 a4 26. Qe2 a3 
27. Qc2 f6 28. Bh3 Rf7 29. Qe2 Bxe4 30. Nd5 Nxd5 31. Qxe4 f5 32. Qe5 Nb6 
33. Qe2 Kf8 34. Be5 Rd7 35. Re1 Qd8 36. Bf4 Qe7 37. Bg2 Nf6 38. Bc6 Rd4 
39. Be5 Rd8 0-1

[Event "Spring Server Series, S91013"]
[Site "CCLA"]
[Date "2019.05.22"]
[Round "?"]
[White "Ziemak, Ken"]
[Black "Jarmuz, Frederick"]
[Result "1/2-1/2"]
[WhiteElo "2254"]
[BlackElo "2245"]

1. c4 e5 2. g3 Nf6 3. Bg2 d5 4. cxd5 Nxd5 5. Nc3 Nb6 6. Nf3 Nc6 7. O-O Be7
8. a3 O-O 9. b4 Re8 10. Rb1 Bf8 11. d3 Bg4 12. Ng5 h6 13. Nge4 Qc8 14. Nc5
a5 15. b5 Nd8 16. Be3 Bh3 17. Qb3 Bxg2 18. Kxg2 Qg4 19. Rbc1 Bxc5 20. Bxc5
Ne6 21. Bxb6 cxb6 22. f3 Qg6 23. Qa2 Rad8 24. Kh1 Rd4 25. Ne4 Red8 26. Rc3
f5 27. Nd2 Kh7 28. Qb1 R4d5 29. a4 Nc5 30. Rc4 Qg5 31. Qe1 Re8 32. g4 e4 
33. fxe4 fxe4 34. Nxe4 Nxe4 35. dxe4 Qxg4 36. exd5 Qxc4 37. Qb1+ Kh8 38. 
Qd3 Qxa4 39. d6 Qg4 40. Rf7 Qb4 41. Kg2 Qg4+ 42. Kh1 Rd8 43. Qd5 Rc8 44. 
Rc7 Rf8 45. Rf7 Rc8 46. Rc7 Rd8 47. Rf7 a4 48. d7 a3 49. Re7 Qg6 50. Re6 
Qb1+ 51. Kg2 Kh7 52. Qd6 a2 53. Rxh6+ gxh6 54. Qe7+ Kg6 55. Qe6+ Kg5 56. 
Qe7+ Kh5 57. Qe5+ Kg6 58. Qe6+ Kg5 1/2-1/2

[Event "Spring Server Series, S91013"]
[Site "CCLA"]
[Date "2019.05.22"]
[Round "?"]
[White "Ziemak, Ken"]
[Black "Sereni, Vincent T."]
[Result "1-0"]
[WhiteElo "2254"]
[BlackElo "2073"]

1. c4 e5 2. g3 Nc6 3. Nc3 Nf6 4. Bg2 Bc5 5. Nf3 d6 6. d3 h6 7. a3 a5 8. 
O-O O-O 9. e3 Bg4 10. h3 Bf5 11. e4 Be6 12. Nd5 a4 13. Be3 Nd7 14. Nc3 
Bxe3 15. fxe3 Na5 16. Qe2 Nc5 17. Rad1 Qd7 18. Nh4 Bxh3 19. Nf5 Bxf5 20. 
exf5 Rfe8 21. Qh5 Kh7 22. f6 g6 23. Qh4 Nab3 24. Rf2 Rh8 25. d4 Ne6 26. 
Bh3 Qe8 27. Rh2 exd4 28. exd4 Ra5 29. d5 Nec5 30. Re2 Qf8 31. Re7 Kg8 32. 
Nb5 Ra8 33. Nxc7 Rb8 34. Ne6 fxe6 35. Rg7+ Qxg7 36. fxg7 Rh7 37. Bxe6+ 
Kxg7 38. Rf1 Kh8 39. Rf6 Nxe6 40. dxe6 Rg8 41. Rf7 g5 42. Qh5 Nd4 43. e7 
1-0

[Event "Spring Server Series, S91013"]
[Site "CCLA"]
[Date "2019.05.22"]
[Round "?"]
[White "Caliguire, John J."]
[Black "Buss, Michael D."]
[Result "0-1"]
[WhiteElo "2279"]
[BlackElo "2489"]

1. e4 c5 2. Nc3 a6 3. Nge2 b5 4. g3 e5 5. Bg2 Nf6 6. Nd5 Nxd5 7. exd5 d6 
8. O-O Be7 9. b3 O-O 10. Bb2 Bg4 11. f4 exf4 12. Rxf4 Bh5 13. g4 Bg6 14. 
d3 Bg5 15. Rf1 Nd7 16. Nf4 a5 17. a4 c4 18. Nxg6 hxg6 19. axb5 cxb3 20. 
Kh1 Qb6 21. Ba3 bxc2 22. Qxc2 Ne5 23. h3 Rac8 24. Qb3 Be3 25. Be4 g5 26. 
Rae1 Bf4 27. Qa4 g6 28. Bb2 Rb8 29. d4 Nd7 30. Bc1 Qxb5 31. Qxb5 Rxb5 32. 
Bxf4 gxf4 33. Rxf4 a4 34. Kg2 a3 35. Ra1 Ra8 36. Kg3 Rb4 37. Bb1 Rc8 38. 
Ba2 Rc3+ 39. Rf3 Rxf3+ 40. Kxf3 Rxd4 41. Ke3 Rb4 42. Kd3 Rb2 43. Kc3 Rh2 
44. Kb4 Kg7 0-1

[Event "Spring Server Series, S91013"]
[Site "CCLA"]
[Date "2019.05.22"]
[Round "?"]
[White "Caliguire, John J."]
[Black "Ziemak, Ken"]
[Result "0-1"]
[WhiteElo "2279"]
[BlackElo "2254"]

1. Nf3 g6 2. c4 Bg7 3. e4 c5 4. d4 cxd4 5. Nxd4 Nc6 6. Be3 Nf6 7. Nc3 Ng4 
8. Qxg4 Nxd4 9. Qd1 Ne6 10. Rc1 Qa5 11. Bd3 O-O 12. O-O d6 13. f4 Nc5 14. 
f5 Bd7 15. b4 Qxb4 16. Nd5 Qa3 17. f6 exf6 18. Bb1 Be6 19. Bf4 Bxd5 20. 
cxd5 Rad8 21. Qf3 Qa4 22. Rce1 Rfe8 23. g4 Qd7 24. h4 Rc8 25. Qg3 Na4 26. 
h5 g5 27. Bd2 Rc4 28. Kg2 Nc5 29. Qf3 h6 30. Re3 f5 31. gxf5 Bf6 32. Qe2 
Qa4 33. Re1 a6 34. Qf3 Rc8 35. Ra3 Qe8 36. Qe2 Na4 37. Rb3 Nc3 38. Bxc3 
Rxc3 39. Rxc3 Rxc3 40. Rd1 Be5 0-1

[Event "Spring Server Series, S91013"]
[Site "CCLA"]
[Date "2019.05.22"]
[Round "?"]
[White "Caliguire, John J."]
[Black "Jarmuz, Frederick"]
[Result "1/2-1/2"]
[WhiteElo "2279"]
[BlackElo "2245"]

1. e4 c5 2. Nc3 d6 3. Nge2 Nf6 4. g3 g6 5. Bg2 Bg7 6. d3 Nc6 7. O-O O-O 8.
 Nd5 e6 9. Nxf6+ Qxf6 10. c3 Qe7 11. Be3 b6 12. d4 Bb7 13. Re1 a5 14. a4 
Rac8 15. Qd3 Rfd8 16. h4 cxd4 17. Nxd4 Bxd4 18. Bxd4 Nxd4 19. Qxd4 Qc7 20.
 Rad1 e5 21. Qd3 Qc6 22. Qc2 Ba6 23. Bh3 Rb8 24. h5 Kg7 25. b3 b5 26. axb5
Rxb5 27. c4 Qc7 28. h6+ Kf8 29. Rd3 a4 30. bxa4 Rc5 31. Ra1 Bxc4 32. Rc3 
Bd3 33. Rxc5 dxc5 34. Qc3 Bxe4 35. a5 Ba8 36. Bg2 Bxg2 37. Kxg2 Ra8 38. f4
f5 39. Kh3 Qd6 40. Qf3 Re8 41. Rd1 Qf6 42. Qc3 g5 43. Qxc5+ Kg8 44. Rd6 
g4+ 45. Kh2 Qf7 46. Qc3 Qa2+ 47. Kg1 Qb1+ 48. Kf2 Qh1 49. Qc4+ Kh8 50. Qc6
Qh2+ 51. Kf1 Qh3+ 52. Ke2 Qh2+ 53. Kd1 Rb8 54. Qb5 Qg1+ 55. Kd2 Qh2+ 56. 
Qe2 Qxe2+ 57. Kxe2 exf4 58. a6 Kg8 59. a7 Re8+ 60. Kf1 Kf7 61. Ra6 Ra8 62.
 gxf4 Ke7 63. Kg2 Kd7 64. Ra5 Kd6 65. Kg3 Ke7 66. Kh4 Kf6 67. Ra3 Kf7 68. 
Kg5 g3 69. Rxg3 Rxa7 70. Kxf5 Ra5+ 71. Kg4 1/2-1/2

[Event "Spring Server Series, S91013"]
[Site "CCLA"]
[Date "2019.05.22"]
[Round "?"]
[White "Caliguire, John J."]
[Black "Sereni, Vincent T."]
[Result "1-0"]
[WhiteElo "2279"]
[BlackElo "2073"]

1. e4 e5 2. Nf3 Nc6 3. c3 d5 4. Qa4 f6 5. Bb5 Ne7 6. exd5 Qxd5 7. d4 e4 8.
 c4 Qd8 9. Nfd2 Kf7 10. Nxe4 Nxd4 11. c5 Nxb5 12. Qxb5 Qd7 13. Qe2 Nd5 14.
 O-O Qc6 15. Be3 Nxe3 16. Qxe3 h6 17. Nbd2 f5 18. Ng3 Bxc5 19. Qd3 Be6 20.
 Nf3 Qd5 21. Qc3 Bd6 22. Rfe1 g6 23. Ne5+ Bxe5 24. Rxe5 Qd6 25. h4 h5 26. 
Ne2 Rad8 27. Nf4 Rhe8 28. Rae1 Bxa2 29. b3 Qc6 30. Qg3 Rxe5 31. Rxe5 Rd6 
32. Kh2 a6 33. Qg5 Bxb3 34. Re3 Bd5 35. Qh6 Be4 36. Rg3 Rf6 37. Qh7+ Ke8 
38. Nxg6 Qd6 39. f4 Bd5 40. Qh8+ Kd7 41. Ne5+ 1-0

[Event "Spring Server Series, S91013"]
[Site "CCLA"]
[Date "2019.05.22"]
[Round "?"]
[White "Jarmuz, Frederick"]
[Black "Buss, Michael D."]
[Result "0-1"]
[WhiteElo "2245"]
[BlackElo "2489"]

1. d4 g6 2. e4 Bg7 3. Nc3 a6 4. Be3 b5 5. Qd2 Bb7 6. f3 d6 7. b4 Nd7 8. a4
c6 9. Be2 Ngf6 10. Nh3 O-O 11. O-O Qc7 12. Nf2 Rfd8 13. Rfd1 e6 14. Rab1 
Nb6 15. a5 Nbd7 16. Na2 c5 17. c3 c4 18. g4 h5 19. h3 Nh7 20. g5 f6 21. 
gxf6 Bxf6 22. Kh1 Kh8 23. Rg1 Rg8 24. Rg2 Bh4 25. Rbg1 g5 26. Nd1 e5 27. 
d5 Raf8 28. Bf2 Bxf2 29. Nxf2 Rf4 30. Bd1 Ndf6 31. Nc1 h4 32. Qe3 Rf8 33. 
Qb6 Qe7 34. Qa7 Rf7 35. Qb8+ Rf8 36. Qa7 Qd7 37. Ng4 Nxg4 38. hxg4 Bc8 39.
 Qb6 Qe7 40. Re1 Rxf3 41. Bxf3 Rxf3 42. Ne2 Qf8 43. Kg1 Kg7 44. Rf2 Rxf2 
45. Qxf2 Qxf2+ 46. Kxf2 Bxg4 47. Ng1 Nf6 48. Kg2 Bh5 49. Kf2 g4 0-1

[Event "Spring Server Series, S91013"]
[Site "CCLA"]
[Date "2019.05.22"]
[Round "?"]
[White "Jarmuz, Frederick"]
[Black "Ziemak, Ken"]
[Result "1-0"]
[WhiteElo "2245"]
[BlackElo "2254"]

1. d4 f5 2. g3 Nf6 3. Bg2 g6 4. Nf3 Bg7 5. O-O O-O 6. c4 d6 7. Nc3 c6 8. 
b3 Qc7 9. Ba3 a5 10. Rc1 Na6 11. Qd2 Nb4 12. d5 e5 13. dxe6 Bxe6 14. Ng5 
Bc8 15. Bb2 h6 16. Nh3 Re8 17. Rcd1 Kh7 18. Qxd6 Qxd6 19. Rxd6 Ne4 20. 
Nxe4 Bxb2 21. Nf6+ Bxf6 22. Rxf6 Kg7 23. Rd6 g5 24. Rd2 a4 25. f4 g4 26. 
Nf2 axb3 27. axb3 Ra2 28. Rxa2 Nxa2 29. e4 Nc3 30. Re1 Rd8 31. exf5 Bxf5 
32. Bf1 Kf6 33. Re3 Nd1 34. Ne4+ Bxe4 35. Rxe4 Ra8 36. Re1 Nc3 37. c5 Ra5 
38. Bc4 Rxc5 39. Re6+ Kf5 40. Rxh6 Ke4 41. Re6+ Kd4 42. Rg6 b5 43. Be6 Ne4
44. Bxg4 Rc1+ 45. Kg2 Rc2+ 46. Kh3 c5 47. Bf5 Rb2 48. Re6 Nf2+ 49. Kh4 
Rxb3 50. Re2 Nd3 51. g4 Ra3 52. g5 1-0